Historiallisia johtajia #2 - Statistics

Yleistilastot
  • Tätä visaa on pelattu 621 kertaa
  • Keskiarvotulos 8 / 24
Vastaustilastot
Johtaja Valtio % Oikein
Kleopatra Egypti
99%
Pietari Suuri Venäjä
97%
Kuningas Henrik VIII Englanti
58%
Kuningas Leopold II Belgia
51%
Mustafa Kemal Atatürk Turkki
47%
Pol Pot Kambodža
46%
Kuningas Kristian II Tanska / Norja / Kalmarin unioni
42%
Kaarle Suuri Frankkien valtakunta
41%
Vlad Seivästäjä Valakia
40%
Attila Hunnien valtakunta
37%
Keisari Meiji Japani
37%
Keisari Yongle Kiina (Ming-dynastia)
34%
Perikles Ateena
25%
Kserkses I Persia
25%
Fredrik Suuri Preussi
25%
Mobutu Sese Seko Zaire
25%
Justinianus I Bysantin valtakunta
22%
Suharto Indonesia
21%
Urbanus II Kirkkovaltio
20%
Mansa Musa Malin kuningaskunta
18%
Kasimir III Suuri Puola
14%
Shaka Zulujen kuningaskunta
11%
Ashoka Maurya-valtakunta
8%
Muawija I Umaijadien kalifaatti
4%
Ehtoja vastaavia visoja ei löytynyt
Tulosjakauma
Jokaisen tuloksen saaneiden osuus
Persentiili vastausten määrän mukaan
Tuloshistoriasi
Et ole pelannut tätä visaa